Statistics for Taylor Swift - White Horse Lyrics

Click here to take the quiz!

General Stats

  • This quiz has been taken 887 times
  • The average score is 263 of 303

Answer Stats

Answer% Correct
a
99%
an
99%
i
99%
to
99%
you
99%
your
99%
and
98%
it
98%
come
97%
for
97%
white
97%
horse
96%
this
95%
i'm
94%
me
94%
not
94%
of
94%
so
94%
the
94%
too
94%
be
93%
is
93%
it's
93%
on
93%
that
93%
when
93%
late
92%
ain't
91%
fairytale
91%
now
91%
princess
91%
around
90%
in
90%
one
90%
town
90%
you're
90%
small
89%
was
88%
her
87%
just
87%
say
87%
down
86%
hollywood
86%
know
86%
sorry
86%
cause
85%
off
85%
who
85%
angel
84%
feet
84%
need
84%
out
84%
up
84%
face
83%
lead
83%
sweep
83%
let
82%
stairwell
82%
before
81%
comes
81%
dreamer
81%
you'll
80%
but
79%
back
78%
catch
78%
my
78%
believed
77%
girl
77%
had
76%
honestly
76%
love
75%
should've
75%
as
74%
known
74%
oh
74%
stupid
74%
time
74%
well
74%
all
73%
big
72%
forth
72%
actually
71%
have
71%
there
71%
treat
71%
world
71%
about
70%
dreams
70%
find
70%
gonna
70%
many
70%
someone
70%
went
70%
begging
69%
days
69%
might
69%
hand
68%
happy
68%
holding
68%
knees
68%
never
68%
someday
68%
are
67%
forgiveness
67%
got
67%
upper
67%
chance
66%
didn't
66%
endings
66%
eyes
66%
fight
66%
like
66%
lost
66%
mirror
66%
naive
66%
really
66%
rearview
65%
always
64%
maybe
63%
wanted
63%
drag
62%
paced
62%
try
62%
disappearing
61%
mistake
60%
whoa
37%

Score Distribution

Percentile by Number Answered

Percent of People with Each Score

Your Score History

You have not taken this quiz